000 00368nam a2200145 a 4500
001 830
003 CDMR
005 20130312181026.0
008 130130s1969||||||||||||||||||||||||||||d
040 _aCDMR
_bcat
_cCDMR
100 1 _aVillallonga, María Isabel de
_9652
245 1 3 _aEl Correo Catalán
_cMª Isabel de Villallonga
260 _aBarcelona
_c1969
942 _cTSN
_2udc
999 _c830
_d830